000 00392nam a2200145Ia 4500
008 231217s9999 xx 000 0 und d
041 _aEnglish
082 _a658.1 CUL;1 `R'
100 _aCullen, John B
245 0 _aMultinational management :A strategic approach
260 _c1999
_bSouth-Western College
300 _axviii+622
650 _aMultinational,management
942 _cAA
999 _c168784
_d168784